La limitación de los nacimientos

Saved in:
Bibliographic Details
Main Author: Lestapis, Stanislas de (Author)
Format: Book
Language:Spanish
Published: Barcelona Herder 1962
Series:Biblioteca Herder, 30
Subjects:
Tags: Add Tag
No Tags, Be the first to tag this record!

MARC

LEADER 00000nam a2200000 a 4500
001 UCR3144
003 CL-VaPUC
008 980123e19620000SP |||||||||||||||||spa|d
082 0 4 |a 241.6  |b LES  |2 21 
100 |a Lestapis, Stanislas de  |e author  |9 401979 
245 1 3 |a La limitación de los nacimientos 
300 |a 328 p 
942 |c BK 
945 |d 19980123 00:00:00  |a rleighto 
260 |a Barcelona  |b Herder  |c 1962 
650 7 |a CONTROL DE NATALIDAD  |2 CL-VaPUC  |9 351039 
650 0 |a Ética cristiana   |9 308677 
650 7 |a PROCREACION  |2 CL-VaPUC  |9 401980 
650 0 |a Reproducción  |9 269783 
650 0 |a Sexualidad  |9 358183 
650 7 |a PLANIFICACION DE LA FAMILIA  |2 CL-VaPUC  |9 338183 
650 7 |a ETICA SEXUAL  |2 CL-VaPUC  |9 401981 
650 0 |a Maternidad  |9 335758 
583 |a last modification  |c 19980123 00:00:00  |k Rodrigo Vera 
490 0 |a Biblioteca Herder, 30 
999 |c 266243  |d 266241 
952 |0 0  |1 2  |4 0  |6 241_600000000000000_LES_1962  |7 0  |8 A  |9 297657  |a BIBTEO  |b BIBTEO  |d 2019-11-20  |i 2094649  |o 241.6 LES 1962  |p 2094649  |r 2019-11-20  |w 2019-11-20  |x Descarte 2019  |y BK  |k ICR 
952 |0 0  |1 0  |4 0  |6 241_600000000000000_LES_1962  |7 0  |8 A  |9 297658  |a BIBTEO  |b BIBTEO  |d 2019-11-20  |i 2094657  |o 241.6 LES 1962  |p 2094657  |r 2025-01-17  |w 2019-11-20  |y BK  |k ICR